000 00583nam a22002177a 4500
001 sjds
003 sjds
005 20220727105714.0
008 220727b sp ||||| |||| 00| 0 spa d
020 _a9788434826243
020 _a8434826240
040 _csjds
041 _aspa
100 2 0 _aVazquez-Vigo, Carmen
245 1 0 _aCaja de secretos /
_cCarmen Vazquez-Vigo ; [ilustraciones, Javier Zabala].
260 _aMadrid :
_bEdiciones SM,
_c 1997.
300 _a103 pages ;
_b20 cm.
440 _aBarco de vapor., Serie roja ;
_n49
700 1 0 _aZabala, Javier
942 _cBK
999 _c27272
_d27272